[Event "21st Panam-ch"]
[Site "Mar del Plata ARG"]
[Date "2012.10.19"]
[Round "9.15"]
[White "Toniutti, Ezio"]
[Black "Soppe, Guillermo"]
[Result "1/2-1/2"]
[WhiteElo "2162"]
[BlackElo "2417"]
[EventDate "2012.10.12"]
[PlyCount "56"]

1.d4 d5 2.c4 c6 3.Nf3 Nf6 4.e3 g6 5.Nc3 Bg7 6.Bd3 O-O 7.O-O Bg4 8.h3 Bxf3 
9.Qxf3 e6 10.Rd1 Nbd7 11.Qe2 Re8 12.b3 a6 13.Bb2 Qe7 14.Rac1 Rad8 15.Qe1 
Nh5 16.Be2 Nhf6 17.a3 h5 18.Rd2 Nb6 19.Qd1 Nc8 20.a4 Nd6 21.Bd3 Qd7 22.Qf3
dxc4 23.Bxc4 Nxc4 24.bxc4 e5 25.d5 cxd5 26.Nxd5 Nxd5 27.Rxd5 Qc6 28.Rcd1 
Rc8 1/2-1/2

[Event "21st Panam-ch"]
[Site "Mar del Plata ARG"]
[Date "2012.10.19"]
[Round "9.16"]
[White "Krysa, Leandro"]
[Black "Paiva, Pedro Henrique de"]
[Result "1/2-1/2"]
[WhiteElo "2381"]
[BlackElo "2289"]
[EventDate "2012.10.12"]
[PlyCount "80"]

1.d4 d6 2.Nf3 Nf6 3.c4 Nbd7 4.Nc3 c6 5.e4 e5 6.Be2 Be7 7.O-O O-O 8.Be3 a5 
9.d5 Ng4 10.Bc1 Ngf6 11.Re1 Nc5 12.Bf1 cxd5 13.cxd5 Bd7 14.a4 Bg4 15.Ra3 
Ne8 16.h3 Bxf3 17.Qxf3 Bg5 18.Be3 Bxe3 19.Qxe3 Qb6 20.Bb5 Nc7 21.Kh1 N7a6 
22.f4 Nb4 23.Re2 exf4 24.Qf2 Rac8 25.Nd1 f5 26.e5 dxe5 27.Rxe5 Qd6 28.Qxf4
Nd7 29.Bxd7 Qxd7 30.Rg3 Nxd5 31.Qd4 Nf6 32.Qxd7 Nxd7 33.Rxa5 Rc1 34.Rd3 
Nc5 35.Rd5 Ne4 36.Kh2 f4 37.Rab5 Ng3 38.Rbc5 Ra1 39.h4 h5 40.Ra5 Rf7 
1/2-1/2

[Event "21st Panam-ch"]
[Site "Mar del Plata ARG"]
[Date "2012.10.19"]
[Round "9.17"]
[White "Martinez Romero, Martin"]
[Black "Paveto, Kevin"]
[Result "1-0"]
[WhiteElo "2368"]
[BlackElo "2282"]
[EventDate "2012.10.12"]
[PlyCount "111"]

1.c4 e5 2.Nc3 Nf6 3.g3 d5 4.cxd5 Nxd5 5.Bg2 Nb6 6.Nf3 Nc6 7.O-O Be7 8.d3 
O-O 9.b3 Re8 10.Bb2 Bf8 11.Rc1 a5 12.Ne4 f6 13.d4 f5 14.Nc5 e4 15.Ne5 Nxe5
16.dxe5 Qxd1 17.Rfxd1 c6 18.f3 a4 19.fxe4 axb3 20.Nxb3 fxe4 21.Bxe4 Rxa2 
22.Bd4 Nd7 23.Rc3 Rxe2 24.Bd3 R2xe5 25.Bc4+ Kh8 26.Bxe5 Rxe5 27.Rf3 Be7 
28.Rfd3 Nf6 29.Ra1 b5 30.Bf7 g6 31.Ra8 Kg7 32.Rxc8 Kxf7 33.Rxc6 b4 34.Rc7 
g5 35.Nd4 Kg6 36.Kf1 Bd6 37.Rb7 Bc5 38.Nf3 Rf5 39.Ke2 Nd5 40.g4 Nf4+ 41.
Kd2 Rd5 42.Rxd5 Nxd5 43.Ne5+ Kh6 44.Kd3 Nb6 45.h3 b3 46.Kc3 b2 47.Kxb2 
Bd4+ 48.Kc2 Bxe5 49.Rxb6+ Kg7 50.Kd3 Bf4 51.Ke4 Bd2 52.Kf5 Be3 53.Rb7+ Kh6
54.Kf6 Bb6 55.Kf7 Bc7 56.Kg8 1-0

[Event "21st Panam-ch"]
[Site "Mar del Plata ARG"]
[Date "2012.10.19"]
[Round "9.18"]
[White "Abdalla, Luiz Guilherme Aurelli"]
[Black "Real De Azua, Ernesto"]
[Result "1/2-1/2"]
[WhiteElo "2316"]
[BlackElo "2482"]
[EventDate "2012.10.12"]
[PlyCount "73"]

1.d4 Nf6 2.c4 c5 3.d5 b5 4.cxb5 a6 5.bxa6 g6 6.Nc3 Bxa6 7.Nf3 d6 8.g3 Bg7 
9.Bg2 Nfd7 10.O-O Nb6 11.Qc2 N8d7 12.Rd1 O-O 13.e4 Nc4 14.Nd2 Nxd2 15.Bxd2
Ne5 16.Be1 Qb6 17.Rab1 Rfb8 18.b3 c4 19.b4 Nd3 20.b5 Bc8 21.Bf1 Nxe1 22.
Rxe1 Ra3 23.Nd1 Bd4 24.Bxc4 Bg4 25.Rb3 Qa5 26.Rf1 Rxa2 27.Nb2 Rc8 28.Rb1 
Rxb2 29.R3xb2 Bxb2 30.h3 Bf3 31.Qxb2 Rxc4 32.b6 Rc8 33.b7 Rb8 34.Rc1 f6 
35.Qc3 Qxc3 36.Rxc3 Kf7 37.Rxf3 1/2-1/2

[Event "21st Panam-ch"]
[Site "Mar del Plata ARG"]
[Date "2012.10.19"]
[Round "9.19"]
[White "Tokman, Ariel"]
[Black "Slipak, Sergio"]
[Result "0-1"]
[WhiteElo "2283"]
[BlackElo "2447"]
[EventDate "2012.10.12"]
[PlyCount "68"]

1.c4 e6 2.Nf3 Nf6 3.e3 b6 4.b3 g6 5.Bb2 Bg7 6.Be2 Bb7 7.O-O O-O 8.d3 c5 9.
Nbd2 d5 10.a3 Nc6 11.Ra2 d4 12.exd4 cxd4 13.b4 Nh5 14.Re1 e5 15.Bf1 Re8 
16.g3 Qc7 17.Bg2 Rad8 18.b5 Nb8 19.Nh4 Bxg2 20.Kxg2 Nd7 21.Bc1 Nhf6 22.f3 
Nc5 23.Ne4 Nfd7 24.Rae2 f5 25.Nf2 Bf6 26.Kg1 Qb7 27.Kg2 Re7 28.a4 Rde8 29.
Bh6 Rf7 30.Ra2 Bd8 31.Nh3 Ne6 32.Qd2 f4 33.Rf1 g5 34.gxf4 gxh4 0-1

[Event "21st Panam-ch"]
[Site "Mar del Plata ARG"]
[Date "2012.10.19"]
[Round "9.20"]
[White "Barbosa, Evandro Amorim"]
[Black "Umetsubo, Cesar Hidemitsu"]
[Result "1/2-1/2"]
[WhiteElo "2427"]
[BlackElo "2276"]
[EventDate "2012.10.12"]
[PlyCount "118"]

1.e4 e5 2.Nf3 Nf6 3.d4 Nxe4 4.dxe5 d5 5.Nbd2 Nc5 6.Nb3 c6 7.Be3 Nba6 8.Be2
Be7 9.O-O O-O 10.c4 dxc4 11.Bxc4 Be6 12.Bxe6 Nxe6 13.Qxd8 Rfxd8 14.Na5 Rd5
15.Nxb7 Rb8 16.Nd6 Bxd6 17.exd6 Rxb2 18.Rad1 Kf8 19.Rxd5 cxd5 20.g3 f6 21.
Rd1 Rxa2 22.Rxd5 Nb4 23.Rb5 Nc6 24.Rb7 Ra1+ 25.Kg2 Rd1 26.Nd2 a5 27.Nc4 a4
28.Rb6 Ne5 29.Rb8+ Kf7 30.Rb7+ Kf8 31.Nxe5 fxe5 32.Ra7 Rxd6 33.Rxa4 Kf7 
34.Ra7+ Kf6 35.Kf3 Rd5 36.g4 Rb5 37.h4 Rb4 38.h5 h6 39.Kg3 Rb3 40.Ra4 Nf4 
41.Kf3 Ne6 42.Ke4 Rb5 43.Ra6 Rb4+ 44.Kd5 Rb5+ 45.Kc4 Rb1 46.Bd2 Rb7 47.Bc3
Rc7+ 48.Kb4 Rb7+ 49.Ka3 Rc7 50.Kb2 Rc4 51.f3 Rf4 52.Ra5 Rxf3 53.Bxe5+ Kg5 
54.Bxg7+ Kxg4 55.Bxh6 Rf5 56.Rxf5 Kxf5 57.Bg7 Nxg7 58.h6 Kg6 59.hxg7 Kxg7 
1/2-1/2

[Event "21st Panam-ch"]
[Site "Mar del Plata ARG"]
[Date "2012.10.19"]
[Round "9.21"]
[White "Cori Tello, Deysi"]
[Black "Pichot, Alan"]
[Result "1-0"]
[WhiteElo "2411"]
[BlackElo "2300"]
[EventDate "2012.10.12"]
[PlyCount "79"]

1.d4 Nf6 2.Nf3 g6 3.c4 Bg7 4.Nc3 O-O 5.Bg5 c5 6.e3 h6 7.Bxf6 Bxf6 8.Ne4 
Qb6 9.Nxc5 Qxb2 10.Be2 d6 11.Nb3 Qc3+ 12.Nfd2 Qb4 13.O-O Bg7 14.Rb1 Qb6 
15.c5 Qd8 16.cxd6 exd6 17.Bg4 f5 18.Bf3 Nc6 19.Bd5+ Kh7 20.Qf3 f4 21.exf4 
Bf5 22.Rbc1 a5 23.a4 Nxd4 24.Nxd4 Bxd4 25.Nc4 Qd7 26.h3 Qxa4 27.Nxd6 Qd7 
28.Nxb7 Qg7 29.g4 Bd7 30.Nc5 Rad8 31.Nxd7 Rxd7 32.Rfd1 Be5 33.Rc4 Bb8 34.
Kg2 Kh8 35.h4 h5 36.g5 Rd6 37.Re1 Rb6 38.Re6 Rb1 39.Be4 Re1 40.Rxg6 1-0

[Event "21st Panam-ch"]
[Site "Mar del Plata ARG"]
[Date "2012.10.19"]
[Round "9.22"]
[White "Supi, Luis Paulo"]
[Black "Mahia, Gustavo"]
[Result "1-0"]
[WhiteElo "2287"]
[BlackElo "2409"]
[EventDate "2012.10.12"]
[PlyCount "73"]

1.e4 e5 2.Nf3 Nc6 3.Bc4 Nf6 4.d3 Bc5 5.c3 d6 6.O-O O-O 7.Bb3 a6 8.h3 Ba7 
9.Bg5 h6 10.Bh4 g5 11.Nxg5 hxg5 12.Bxg5 Kg7 13.Qf3 Rh8 14.Na3 Be6 15.Nc2 
Qe7 16.Ne3 Rag8 17.h4 Nb8 18.Rad1 c5 19.Bd5 b5 20.Nf5+ Bxf5 21.Qxf5 Nxd5 
22.Bxe7 Nxe7 23.Qg5+ Kf8 24.Qf6 Nbc6 25.g3 Bb8 26.Kg2 Rh7 27.h5 Rxh5 28.
Rh1 Rg6 29.Qf3 Rxh1 30.Rxh1 Bc7 31.Rh7 Rg7 32.Rxg7 Kxg7 33.Qg4+ Kf6 34.f4 
a5 35.f5 c4 36.dxc4 bxc4 37.Qh4+ 1-0

[Event "21st Panam-ch"]
[Site "Mar del Plata ARG"]
[Date "2012.10.19"]
[Round "9.23"]
[White "Cerda Albornoz, Guillermo"]
[Black "Molina, Roberto Junio Brito"]
[Result "0-1"]
[WhiteElo "2267"]
[BlackElo "2400"]
[EventDate "2012.10.12"]
[PlyCount "80"]

1.a3 g6 2.Nf3 c5 3.d4 cxd4 4.Qxd4 Nf6 5.Nc3 Nc6 6.Qh4 d5 7.Bg5 Bg7 8.Bh6 
O-O 9.Bxg7 Kxg7 10.O-O-O Qa5 11.Qg5 h6 12.Qf4 Be6 13.h3 Rac8 14.e3 a6 15.
Bd3 b5 16.Nd4 Nxd4 17.Qxd4 Rb8 18.Qb4 Qc7 19.g4 Rfd8 20.Qd4 Qd6 21.Qb4 
Qxb4 22.axb4 d4 23.exd4 Rxd4 24.Ne2 Rxb4 25.Rhe1 Ra4 26.f4 Rd8 27.Kb1 Ba2+
28.Kc1 Bc4 29.b3 Ra1+ 30.Kd2 Rxd1+ 31.Rxd1 Bxd3 32.cxd3 Nd5 33.Rc1 e6 34.
Rc5 Kf6 35.Nc3 Nxf4 36.Ne4+ Kg7 37.Nf2 Nd5 38.Rc6 Ra8 39.Rd6 Ra7 40.Rd8 a5
0-1

[Event "21st Panam-ch"]
[Site "Mar del Plata ARG"]
[Date "2012.10.19"]
[Round "9.24"]
[White "Zuluaga Mancilla, Cesar"]
[Black "Santos, Haroldo Cunha dos"]
[Result "1-0"]
[WhiteElo "2394"]
[BlackElo "2263"]
[EventDate "2012.10.12"]
[PlyCount "124"]

1.d4 d5 2.Nf3 Nf6 3.Bf4 c5 4.e3 Nc6 5.dxc5 e6 6.Nbd2 Bxc5 7.c3 a5 8.Bb5 
Qb6 9.a4 O-O 10.Nb3 Be7 11.O-O Bd7 12.Bg5 h6 13.Bh4 Rfe8 14.Nbd2 Rad8 15.
Qb1 Qc7 16.Rc1 e5 17.Bg3 Bd6 18.c4 Qb8 19.cxd5 Nxd5 20.Ne4 Bc7 21.Nc5 Ndb4
22.Nxd7 Rxd7 23.Qf5 Qc8 24.Qh3 Qd8 25.e4 Nd3 26.Rd1 Re6 27.Rd2 Nf4 28.Bxf4
exf4 29.Rxd7 Qxd7 30.Re1 Rd6 31.Qxd7 Rxd7 32.Bxc6 bxc6 33.Rc1 Bd8 34.Kf1 
Rc7 35.e5 c5 36.Rc4 g5 37.Nd2 Rd7 38.Nb3 Bb6 39.Ke2 Rd5 40.Re4 Bc7 41.e6 
fxe6 42.Rxe6 f3+ 43.gxf3 Be5 44.Nxa5 Bxb2 45.Nc4 Bc3 46.Rd6 Rf5 47.Rxh6 
Rf4 48.Nb6 Kg7 49.Rc6 Ba5 50.Nd5 Rxa4 51.Rxc5 Ra1 52.Ne3 Kg6 53.Rc6+ Kf7 
54.Ng4 Kg7 55.Kd3 Ra4 56.Rc5 Kg6 57.Rc6+ Kg7 58.Ra6 Ra1 59.Ke4 Re1+ 60.Kf5
Bd2 61.Ra7+ Kf8 62.Nf6 Rh1 1-0

[Event "21st Panam-ch"]
[Site "Mar del Plata ARG"]
[Date "2012.10.19"]
[Round "9.25"]
[White "Perez, Maximiliano"]
[Black "Rosito, Jorge"]
[Result "0-1"]
[WhiteElo "2264"]
[BlackElo "2387"]
[EventDate "2012.10.12"]
[PlyCount "54"]

1.e4 e5 2.Nf3 Nc6 3.d4 exd4 4.Nxd4 Nf6 5.Nxc6 bxc6 6.e5 Qe7 7.Qe2 Nd5 8.c4
Nb6 9.Nc3 Bb7 10.Bd2 g6 11.O-O-O O-O-O 12.f4 Bg7 13.Qf2 c5 14.Nb5 f6 15.e6
f5 16.Bc3 dxe6 17.Bd3 Bxc3 18.Nxc3 e5 19.fxe5 Qxe5 20.h4 Kb8 21.h5 Rhe8 
22.hxg6 hxg6 23.Rhe1 Qd4 24.Rxe8 Rxe8 25.Qxd4 cxd4 26.Ne2 c5 27.b4 Na4 0-1

[Event "21st Panam-ch"]
[Site "Mar del Plata ARG"]
[Date "2012.10.19"]
[Round "9.26"]
[White "Tobares, Leandro"]
[Black "Fusco, Leonardo"]
[Result "1/2-1/2"]
[WhiteElo "2261"]
[BlackElo "2379"]
[EventDate "2012.10.12"]
[PlyCount "71"]

1.c4 g6 2.Nc3 Bg7 3.g3 Nf6 4.Bg2 O-O 5.Nf3 d6 6.O-O Nc6 7.Rb1 a5 8.d3 e5 
9.a3 Bf5 10.h3 Qc8 11.Kh2 e4 12.Nh4 exd3 13.exd3 Be6 14.Re1 Rd8 15.Nd5 
Bxd5 16.cxd5 Nd4 17.Be3 Nd7 18.Bxd4 Bxd4 19.Qc2 Bb6 20.f4 Re8 21.f5 Rxe1 
22.Rxe1 Qd8 23.fxg6 hxg6 24.Nf3 Qf6 25.Re4 Ne5 26.Nxe5 dxe5 27.Qc3 Re8 28.
d4 Bxd4 29.Qxc7 Qf2 30.h4 f5 31.Qd7 Rf8 32.h5 f4 33.gxf4 Qh4+ 34.Qh3 Qxh3+
35.Kxh3 Rxf4 36.Rxf4 1/2-1/2

[Event "21st Panam-ch"]
[Site "Mar del Plata ARG"]
[Date "2012.10.19"]
[Round "9.28"]
[White "Mellano, Santiago"]
[Black "Julia, Ernesto"]
[Result "1/2-1/2"]
[WhiteElo "2242"]
[BlackElo "2370"]
[EventDate "2012.10.12"]
[PlyCount "47"]

1.Nf3 f5 2.d4 g6 3.c4 Bg7 4.Nc3 Nf6 5.e3 d6 6.Be2 O-O 7.O-O Qe8 8.b4 e5 9.
dxe5 dxe5 10.Nd5 Rf7 11.Bb2 Ne4 12.Qc2 c6 13.Nc3 Nxc3 14.Bxc3 Nd7 15.c5 e4
16.Nd2 Ne5 17.Nc4 Nxc4 18.Bxc4 Be6 19.Bxg7 Kxg7 20.Qc3+ Kg8 21.Rfd1 Bxc4 
22.Qxc4 Rd8 23.g3 Kg7 24.Rd4 1/2-1/2

[Event "21st Panam-ch"]
[Site "Mar del Plata ARG"]
[Date "2012.10.19"]
[Round "9.29"]
[White "Santiago, Yago de Moura"]
[Black "Sanchez Sandoval, Gonzalo"]
[Result "1-0"]
[WhiteElo "2364"]
[BlackElo "2029"]
[EventDate "2012.10.12"]
[PlyCount "69"]

1.e4 c5 2.Nf3 d6 3.d4 cxd4 4.Nxd4 Nf6 5.Nc3 a6 6.h3 e6 7.g4 h6 8.Bg2 g5 9.
Be3 Nbd7 10.Qe2 Ne5 11.O-O-O Qc7 12.Nf3 Nfd7 13.h4 Nxf3 14.Bxf3 Rg8 15.
hxg5 hxg5 16.Rh5 Be7 17.Qd2 Ne5 18.Be2 Qa5 19.Kb1 b5 20.a3 Nc4 21.Bxc4 
bxc4 22.Qd4 Rb8 23.Ka1 e5 24.Qa7 Rb7 25.Qa8 Kd7 26.Rd5 Qc7 27.Qxa6 Ke6 28.
Rc5 Qb8 29.Qxc4+ Kd7 30.Qa4+ Ke6 31.Rh6+ f6 32.Qc4+ Kd7 33.Qxg8 dxc5 34.
Rh7 Qd6 35.Nd5 1-0

[Event "21st Panam-ch"]
[Site "Mar del Plata ARG"]
[Date "2012.10.19"]
[Round "9.30"]
[White "Martinez De Negri, Gonzalo"]
[Black "Kanefsck, Gustavo"]
[Result "1/2-1/2"]
[WhiteElo "2123"]
[BlackElo "2358"]
[EventDate "2012.10.12"]
[PlyCount "88"]

1.e4 c6 2.d4 d5 3.Nc3 dxe4 4.Nxe4 Bf5 5.Ng3 Bg6 6.h4 h6 7.Nf3 Nd7 8.h5 Bh7
9.Bd3 Bxd3 10.Qxd3 Ngf6 11.Bd2 e6 12.O-O-O Qc7 13.Kb1 O-O-O 14.Ne4 Nc5 15.
Nxc5 Bxc5 16.c4 Bb6 17.Bc3 Qe7 18.Qc2 Kb8 19.Ne5 Ka8 20.f3 c5 21.dxc5 Bxc5
22.g4 Bd6 23.Rxd6 Rxd6 24.Bb4 Rhd8 25.Bxd6 Rxd6 26.Rd1 Rxd1+ 27.Qxd1 a6 
28.Qd4 Ne8 29.c5 Qc7 30.Nd7 Qg3 31.Nb6+ Ka7 32.a4 Nf6 33.Ka2 Qc7 34.a5 Kb8
35.g5 e5 36.Qb4 hxg5 37.c6 Qxc6 38.Qf8+ Ne8 39.Qxf7 Ka7 40.Qf8 Qb5 41.b4 
Qe2+ 42.Kb3 Qd3+ 43.Kb2 Qd2+ 44.Kb3 Qd3+ 1/2-1/2

[Event "21st Panam-ch"]
[Site "Mar del Plata ARG"]
[Date "2012.10.19"]
[Round "9.31"]
[White "Fulgenzi, Ernesto"]
[Black "Zuriel, Marisa"]
[Result "1/2-1/2"]
[WhiteElo "2344"]
[BlackElo "2217"]
[EventDate "2012.10.12"]
[PlyCount "127"]

1.e4 c5 2.Nf3 Nc6 3.d4 cxd4 4.Nxd4 e5 5.Nxc6 bxc6 6.Bd3 Nf6 7.O-O Bc5 8.
Nc3 O-O 9.Bg5 h6 10.Bh4 d6 11.Kh1 g5 12.Bg3 Be6 13.Qd2 Bb6 14.Rad1 Qe7 15.
Na4 Bc7 16.f3 Rad8 17.Bf2 Bb8 18.Rfe1 Nh5 19.Be3 Kh8 20.Bf1 Rg8 21.g3 d5 
22.Qe2 Nf6 23.Nc5 Bc8 24.b4 dxe4 25.Rxd8 Rxd8 26.fxe4 Ng4 27.Bg1 f5 28.Bh3
h5 29.exf5 Bxf5 30.Bg2 Qe8 31.Rf1 Qg6 32.Be4 Nh6 33.Bxf5 Nxf5 34.Qe4 Rf8 
35.g4 Ng3+ 36.hxg3 Qxe4+ 37.Nxe4 Rxf1 38.gxh5 g4 39.Nf2 Rc1 40.Nxg4 Rxc2 
41.Nf6 Rxa2 42.g4 Bd6 43.Bh2 Re2 44.g5 Bxb4 45.Ng4 Bd6 46.h6 Kh7 47.Nf6+ 
Kg6 48.h7 Kg7 49.g6 Rxh2+ 50.Kxh2 e4+ 51.Kg2 Be5 52.Nxe4 Kxg6 53.Kf3 Kxh7 
54.Nd2 Kg6 55.Ke4 Bc3 56.Nb3 Kf6 57.Kd3 Be5 58.Na5 c5 59.Kc4 Bc7 60.Nb3 
Bb6 61.Nxc5 Ke5 62.Nd7+ Kd6 63.Nxb6 axb6 64.Kb5 1/2-1/2

[Event "21st Panam-ch"]
[Site "Mar del Plata ARG"]
[Date "2012.10.19"]
[Round "9.32"]
[White "Diaz Hollemaert, Nahuel"]
[Black "Rioseco Pinochet, Fernan"]
[Result "1-0"]
[WhiteElo "2408"]
[BlackElo "2236"]
[EventDate "2012.10.12"]
[PlyCount "97"]

1.c4 e6 2.g3 Nf6 3.Bg2 d5 4.Nf3 c5 5.b3 Nc6 6.Bb2 d4 7.e3 e5 8.O-O Be7 9.
exd4 exd4 10.Na3 O-O 11.Nc2 Bg4 12.h3 Bh5 13.d3 Qb6 14.Re1 Rfe8 15.Qd2 
Rad8 16.Nh4 Bg6 17.f4 h6 18.Nxg6 fxg6 19.Re6 Qc7 20.Rae1 Kf8 21.Bf3 Bd6 
22.Qg2 Rxe6 23.Rxe6 g5 24.fxg5 hxg5 25.Bc1 Re8 26.Rxe8+ Kxe8 27.Bxc6+ bxc6
28.Bxg5 Bxg3 29.b4 Bd6 30.Bxf6 gxf6 31.Qg8+ Kd7 32.Qh7+ Be7 33.Qf5+ Kd8 
34.bxc5 Qg3+ 35.Kf1 Bxc5 36.Ne1 Bb4 37.Nf3 Kc7 38.h4 Bd6 39.h5 Bf4 40.Nxd4
Be3 41.Ne2 Qd6 42.Qe4 Bd2 43.Kg2 Qc5 44.Ng3 Kb6 45.Nf5 Qa5 46.Qd4+ Kc7 47.
Qd6+ Kb7 48.Qe7+ Kb8 49.Nd6 1-0

[Event "21st Panam-ch"]
[Site "Mar del Plata ARG"]
[Date "2012.10.19"]
[Round "9.33"]
[White "Fabian, Gaston"]
[Black "Lingua, Alejo"]
[Result "1-0"]
[WhiteElo "2344"]
[BlackElo "2232"]
[EventDate "2012.10.12"]
[PlyCount "81"]

1.d4 Nf6 2.c4 c5 3.d5 b5 4.cxb5 a6 5.f3 axb5 6.e4 Qa5+ 7.Bd2 b4 8.Na3 d6 
9.Nc4 Qc7 10.a3 bxa3 11.Rxa3 Rxa3 12.bxa3 g6 13.Bd3 Bg7 14.Ne2 O-O 15.O-O 
Nbd7 16.Qa4 Bb7 17.Rb1 Re8 18.Qc2 Ba6 19.Nc3 Bxc4 20.Bxc4 Ne5 21.Be2 c4 
22.Be3 Qa5 23.a4 Nfd7 24.Rb5 Qa6 25.f4 Nd3 26.Bxd3 cxd3 27.Qxd3 Bxc3 28.
Qxc3 Qxa4 29.Qd3 Nf6 30.Bd4 Nxe4 31.Rb7 Nf6 32.Rxe7 Nxd5 33.Re4 Qc6 34.h3 
Nc7 35.f5 Qd5 36.fxg6 hxg6 37.Rh4 f5 38.Rh8+ Kf7 39.Rh7+ Kg8 40.Rg7+ Kf8 
41.Rxc7 1-0

[Event "21st Panam-ch"]
[Site "Mar del Plata ARG"]
[Date "2012.10.19"]
[Round "9.36"]
[White "Caceres Recalde, Fernando"]
[Black "Leskovar, Matias"]
[Result "1-0"]
[WhiteElo "2159"]
[BlackElo "2283"]
[EventDate "2012.10.12"]
[PlyCount "53"]

1.e4 c6 2.d4 d5 3.Nd2 dxe4 4.Nxe4 Nd7 5.Ng5 Ngf6 6.Bd3 e6 7.N1f3 Bd6 8.Qe2
h6 9.Ne4 Nxe4 10.Qxe4 Nf6 11.Qe2 Qc7 12.Bd2 c5 13.O-O-O Bd7 14.Kb1 O-O 15.
g4 Rfc8 16.dxc5 Qxc5 17.g5 hxg5 18.Nxg5 Qe5 19.Qf1 Rc7 20.f4 Qc5 21.Bc3 e5
22.Rg1 b5 23.Qg2 Bc6 24.Ne4 Ne8 25.Qe2 Bxe4 26.Qxe4 Rb8 27.fxe5 1-0

[Event "21st Panam-ch"]
[Site "Mar del Plata ARG"]
[Date "2012.10.19"]
[Round "9.37"]
[White "San Martin Basualto, Epiro"]
[Black "Viana, Dirceu"]
[Result "0-1"]
[WhiteElo "2114"]
[BlackElo "2275"]
[EventDate "2012.10.12"]
[PlyCount "62"]

1.e4 Nf6 2.e5 Nd5 3.d4 d6 4.c4 Nb6 5.exd6 cxd6 6.Be3 g6 7.Nc3 Bg7 8.Bd3 
Nc6 9.Nge2 O-O 10.O-O e5 11.d5 Nb4 12.b3 a5 13.Rc1 Nxd3 14.Qxd3 Nd7 15.
Rfd1 b6 16.a3 Nc5 17.Bxc5 bxc5 18.f3 Bd7 19.Kh1 f5 20.Rb1 Rb8 21.Na2 e4 
22.Qe3 f4 23.Nxf4 Bh6 24.g3 exf3 25.Qxf3 Qf6 26.Qc3 Qg5 27.Ng2 Rbe8 28.Re1
Qd2 29.Qa1 Bg7 30.Nc3 Rxe1+ 31.Rxe1 Bxc3 0-1

[Event "21st Panam-ch"]
[Site "Mar del Plata ARG"]
[Date "2012.10.19"]
[Round "9.38"]
[White "Sabas, Jorge"]
[Black "Pineiro, Dario"]
[Result "1-0"]
[WhiteElo "2274"]
[BlackElo "2141"]
[EventDate "2012.10.12"]
[PlyCount "83"]

1.d4 e6 2.c4 Bb4+ 3.Nd2 c5 4.a3 Bxd2+ 5.Qxd2 cxd4 6.Qxd4 Nf6 7.e4 Nc6 8.
Qd3 O-O 9.Nf3 d5 10.Nd2 dxe4 11.Nxe4 Qa5+ 12.Nc3 Rd8 13.Qe3 Nb4 14.axb4 
Qxa1 15.Be2 Qa6 16.c5 Qc6 17.O-O e5 18.Qxe5 Bg4 19.f3 Qe6 20.Qf4 Bh5 21.
Bc4 Qe7 22.Qh4 Qe5 23.Nb5 a5 24.Re1 Qf5 25.g4 Qg6 26.Nd6 Rxd6 27.cxd6 Rc8 
28.Bf1 axb4 29.Bg5 Nd7 30.gxh5 Qxd6 31.Qg4 h6 32.Bxh6 Qxh6 33.Qxd7 Rf8 34.
Qg4 Rd8 35.Bc4 Qd2 36.Re2 Qd1+ 37.Kg2 Rd2 38.Qc8+ Kh7 39.Qf5+ Kh8 40.Rxd2 
Qxd2+ 41.Kh3 Qxb2 42.Qxf7 1-0

[Event "21st Panam-ch"]
[Site "Mar del Plata ARG"]
[Date "2012.10.19"]
[Round "9.39"]
[White "Mackeprang, Luis"]
[Black "Feliciano Ebert, Vanessa"]
[Result "0-1"]
[WhiteElo "2145"]
[BlackElo "2268"]
[EventDate "2012.10.12"]
[PlyCount "74"]

1.e4 c5 2.Nf3 Nc6 3.b3 d6 4.d4 cxd4 5.Nxd4 Qa5+ 6.c3 g6 7.Bb5 Bd7 8.O-O 
Bg7 9.Bb2 Nf6 10.Nd2 O-O 11.Be2 a6 12.c4 Rfc8 13.Kh1 b5 14.f4 Qb6 15.Nxc6 
Bxc6 16.Bd3 Nxe4 17.Nxe4 Bxb2 18.Rb1 Bg7 19.Ng5 e6 20.Qg4 Rf8 21.Rbd1 bxc4
22.bxc4 Qb2 23.Bb1 Rab8 24.Rg1 Qb4 25.Rd3 h5 26.Qd1 Qxc4 27.Rxd6 Bd5 28.f5
Qf4 29.Nxf7 Rxf7 30.fxg6 Rf6 31.Rd7 Qh4 32.Qc2 Qc4 33.Qd1 Qc6 34.Ra7 Rf2 
35.Rxg7+ Kxg7 36.Qd4+ Rf6 37.Bd3 Qd6 0-1

[Event "21st Panam-ch"]
[Site "Mar del Plata ARG"]
[Date "2012.10.19"]
[Round "9.40"]
[White "Vazquez Massaro, Maximiliano"]
[Black "Gaitan, Juan Manuel"]
[Result "0-1"]
[WhiteElo "2112"]
[BlackElo "2266"]
[EventDate "2012.10.12"]
[PlyCount "52"]

1.d4 Nf6 2.c4 e6 3.Nc3 Bb4 4.e3 d5 5.a3 Bxc3+ 6.bxc3 O-O 7.cxd5 exd5 8.Bd3
c5 9.Ne2 b6 10.O-O Ba6 11.Bxa6 Nxa6 12.Qd3 Nc7 13.f3 Re8 14.Ng3 Ne6 15.a4 
Rc8 16.Bb2 Qc7 17.Rf2 Ng5 18.Re1 cxd4 19.cxd4 Qc4 20.Qd2 h6 21.Nf5 Rc6 22.
h4 Ngh7 23.Rc1 Qxa4 24.Ra1 Qb5 25.Rxa7 Rce6 26.Ba3 Qb1+ 0-1

[Event "21st Panam-ch"]
[Site "Mar del Plata ARG"]
[Date "2012.10.19"]
[Round "9.41"]
[White "Espinoza Palomino, Willyam"]
[Black "Chiari, Arthur Gontijo"]
[Result "1-0"]
[WhiteElo "2265"]
[BlackElo "2098"]
[EventDate "2012.10.12"]
[PlyCount "49"]

1.e4 c5 2.Nf3 d6 3.d4 cxd4 4.Nxd4 Nf6 5.Nc3 a6 6.h3 e5 7.Nde2 h5 8.Bg5 Be6
9.Ng3 g6 10.Be2 Be7 11.Qd2 O-O 12.Bh6 Re8 13.Nf5 Bxf5 14.exf5 d5 15.fxg6 
fxg6 16.Bg5 d4 17.Bxf6 Bxf6 18.Qh6 Bg7 19.Bc4+ Kf8 20.Qh7 Qc8 21.Qg8+ Ke7 
22.Qxg7+ Kd8 23.Qf6+ Kd7 24.Nd5 Re6 25.Qxe6+ 1-0

[Event "21st Panam-ch"]
[Site "Mar del Plata ARG"]
[Date "2012.10.19"]
[Round "9.42"]
[White "Cuevas, Alex"]
[Black "Sampaio, Leonardo de Souza Prallon"]
[Result "1-0"]
[WhiteElo "2263"]
[BlackElo "1976"]
[EventDate "2012.10.12"]
[PlyCount "87"]

1.c4 b6 2.Nc3 e6 3.a3 Bb7 4.e3 f5 5.Nf3 Nf6 6.d4 Be7 7.Bd3 O-O 8.Qc2 a5 9.
e4 fxe4 10.Nxe4 Nxe4 11.Bxe4 Bxe4 12.Qxe4 Nc6 13.Bf4 Rc8 14.Bg3 Bf6 15.O-O
Re8 16.Rfe1 Nb8 17.Rad1 d6 18.h4 Nd7 19.Qg4 Nf8 20.h5 Qd7 21.c5 Qc6 22.b4 
axb4 23.axb4 Qd5 24.Be5 Nd7 25.Qg3 dxe5 26.dxe5 Bh4 27.Nxh4 Qc6 28.Rd4 Re7
29.Rg4 h6 30.Rg6 Kh8 31.Nf5 Rf7 32.Nxg7 Nf8 33.Rxh6+ Nh7 34.Rxh7+ Kxh7 35.
Qg6+ Kh8 36.Qxf7 Rg8 37.Qf6 Rxg7 38.f3 Kh7 39.h6 Rg6 40.Qf7+ Kxh6 41.Re4 
Qxe4 42.fxe4 bxc5 43.bxc5 c6 44.Qe8 1-0

[Event "21st Panam-ch"]
[Site "Mar del Plata ARG"]
[Date "2012.10.19"]
[Round "9.43"]
[White "Palmiotto, Marco Ivan"]
[Black "Tapie Amione, Pablo Adib"]
[Result "0-1"]
[WhiteElo "1985"]
[BlackElo "2240"]
[EventDate "2012.10.12"]
[PlyCount "78"]

1.e4 c5 2.Nf3 Nc6 3.d4 cxd4 4.Nxd4 Qb6 5.Nb3 Nf6 6.Nc3 e6 7.Be3 Qc7 8.Nb5 
Qb8 9.Bd3 d5 10.exd5 Nxd5 11.O-O Nxe3 12.fxe3 Be7 13.N5d4 O-O 14.Nxc6 bxc6
15.Qf3 Qc7 16.Nd4 Bb7 17.Be4 Rac8 18.Qh3 g6 19.Ne2 Qe5 20.Qf3 Bc5 21.Nf4 
Bb6 22.Nd3 Qg5 23.Nf4 e5 24.Nh3 Qxe3+ 25.Qxe3 Bxe3+ 26.Kh1 f5 27.Bd3 e4 
28.Bc4+ Kg7 29.Nf4 Bxf4 30.Rxf4 Rcd8 31.Raf1 Rd2 32.R4f2 Rfd8 33.Kg1 c5 
34.Rxd2 Rxd2 35.Rf2 Rd4 36.Bf1 e3 37.Re2 f4 38.g3 g5 39.b3 Rd1 0-1

[Event "21st Panam-ch"]
[Site "Mar del Plata ARG"]
[Date "2012.10.19"]
[Round "9.44"]
[White "Fiori, Hector"]
[Black "Batista, Gerson Peres"]
[Result "0-1"]
[WhiteElo "2125"]
[BlackElo "2233"]
[EventDate "2012.10.12"]
[PlyCount "74"]

1.e4 c5 2.Nf3 g6 3.d4 Bg7 4.Nc3 cxd4 5.Nxd4 Nc6 6.Be3 Nf6 7.Be2 O-O 8.Nb3 
d6 9.O-O Be6 10.f4 Qc8 11.Kh1 Rd8 12.Bf3 Bc4 13.Rf2 d5 14.exd5 Nxd5 15.
Nxd5 e6 16.Rd2 Bxd5 17.Bxd5 Rxd5 18.c3 Ne7 19.Bd4 Qc4 20.Qe2 Qxe2 21.Rxe2 
Nc6 22.Bxg7 Kxg7 23.g3 h5 24.Kg2 b6 25.a4 Rc8 26.Kf3 Kf6 27.Re4 Rcd8 28.
Rae1 b5 29.R1e2 Rb8 30.a5 a6 31.h3 Rbd8 32.R4e3 Rc8 33.Re4 Rb8 34.Re1 Rh8 
35.Ra1 b4 36.c4 Rd3+ 37.Re3 Rxb3 0-1

[Event "21st Panam-ch"]
[Site "Mar del Plata ARG"]
[Date "2012.10.19"]
[Round "9.45"]
[White "Bouwman, Marcelo Wanderley"]
[Black "Ferreira, Kleber Victor"]
[Result "1/2-1/2"]
[WhiteElo "2233"]
[BlackElo "2121"]
[EventDate "2012.10.12"]
[PlyCount "80"]

1.e4 e5 2.Nc3 Nc6 3.Bc4 Nf6 4.d3 Na5 5.Nge2 c6 6.a4 Nxc4 7.dxc4 Bc5 8.h3 
h6 9.b3 Qe7 10.Qd3 O-O 11.O-O Rd8 12.Ng3 d6 13.Be3 Be6 14.Bxc5 dxc5 15.Qe3
Rd7 16.a5 Rad8 17.Na4 Rd4 18.Rfc1 Nh7 19.Ne2 R4d6 20.Nxc5 Bc8 21.Nd3 Ng5 
22.Ng3 Bxh3 23.gxh3 Nxh3+ 24.Kg2 Rxd3 25.cxd3 Nf4+ 26.Kf1 Rxd3 27.Qxa7 Qh4
28.Qb8+ Kh7 29.Qxe5 Rxg3 30.Qf5+ Rg6 31.Ke1 Qh1+ 32.Kd2 Qf3 33.Kc2 Qd3+ 
34.Kb2 Qd2+ 35.Ka3 Nd3 36.Rd1 Qb2+ 37.Ka4 Qc3 38.Ka3 Qb2+ 39.Ka4 Qc3 40.
Ka3 Qb2+ 1/2-1/2